书目信息 |
| 题名: |
听懂多少?
|
|
| 作者: | ||
| 分册: | ||
| 出版信息: | 上海 华东师范大学出版社 1989.02 |
|
| 页数: | 80页 | |
| 开本: | 20cm | |
| 丛书名: | ||
| 单 册: | ||
| 中图分类: | H319.9 | |
| 科图分类: | ||
| 主题词: | 英语 | |
| 电子资源: | ||
| ISBN: | 7-5617-0368-6 | |
| 000 | 00489nam0 2200193 450 | |
| 001 | 0659022380 | |
| 005 | 20141106105652.34 | |
| 010 | @a7-5617-0368-6 | |
| 100 | @a20060328d1989 km y0chiy0120 ea | |
| 101 | 0 | @achi |
| 102 | @aCN@b310000 | |
| 200 | 1 | @a听懂多少?@Ating dong duo shao? |
| 210 | @a上海@c华东师范大学出版社@d1989.02 | |
| 215 | @a80页@d20cm | |
| 300 | @a英语四级考试水平自测试 | |
| 606 | 0 | @a英语 |
| 690 | @aH319.9@v3 | |
| 801 | 0 | @aCN@bPFT@c20060328 |
| 905 | @a10447@dH319.9@eT777 | |
| 听懂多少?.-上海:华东师范大学出版社,1989.02 |
| 80页;20cm |
| 英语四级考试水平自测试 |
| ISBN 7-5617-0368-6: |
| ● |
| 相关链接 |
|
|
|
正题名:听懂多少?
索取号:H319.9/T777
 
预约/预借
| 序号 | 登录号 | 条形码 | 馆藏地/架位号 | 状态 | 备注 |
| 1 | 22750 | 200227502 | 语言库209/209语言库 59排6列4层/ [索取号:H319.9/T777] | 在馆 | |
| 2 | 24857 | 200248570 | 语言库209/209语言库 108排2列6层/ [索取号:H319.9/T777] | 在馆 | |
| 3 | 494913 | 204949137 | 语言库209/ [索取号:H319.9/T777] | 在馆 |